ბათუმის შოთა რუსთაველის სახელმწიფო უნივერსიტეტის ბიბლიოთეკა

New Introductory Lectures on Psycho-Analysis (ბიბ.ჩანაწერი № 63908)

000 -ლიდერი
ფიქსირებული სიგრძის საკონტროლო ველი 00632nam a22001937a 4500
003 - საკონტროლო ნომრის იდენტიფიკატორი
საკონტროლო ველი Ge_BSU
005 - ბოლო ოპერაციის თარიღი და დრო
საკონტროლო ველი 20260218122636.0
008 - ფიქსირებული სიგრძის მონაცემთა ელემენტები - ზოგადი ინფორმაცია
ფიქსირებული სიგრძის საკონტროლო ველი 260218s1989 enk||||| |||| 00| 0 eng d
020 ## - წიგნის საერთაშორისო სტანდარტული ნომერი
International Standard Book Number 9780393007435x
041 ## - ენის კოდი
Language code of text/sound track or separate title eng
080 ## - უნივერსალური ათობითი კლასიფიკაციის ინდექსი
Universal Decimal Classification number 159.964.2(042.4) F-88
100 ## - მთავარი ჩანაწერი - პიროვნების სახელი
Personal name Freud, Sigmund
9 (RLIN) 9435
245 ## - ცნობა სათაურის შესახებ
Title New Introductory Lectures on Psycho-Analysis
Statement of responsibility, etc Sigmund Freud, red. James Strachey.
264 ## - წარმოების, გამოცემის, დისტრიბუციის და სხვა ცნობები
გამოცემის, წარმოების, დისტრიბუციის... ადგილი New york :
გამოცემის, წარმოების, დისტრიბუციის... სახელწოდება W. W. Norton & Company,
გამოცემის, წარმოების, დისტრიბუციის... თარიღი 1989.
300 ## - ფიზიკური აღწერა
Extent 253 p.;
Other physical details 20 cm.
653 ## - INDEX TERM--UNCONTROLLED
Uncontrolled term ფსიქოანალიზი
700 ## - ADDED ENTRY--PERSONAL NAME
Personal name Strachey, James
Relator term რედაქტორი
9 (RLIN) 26912
942 ## - ADDED ENTRY ELEMENTS (KOHA)
Source of classification or shelving scheme
Koha item type წიგნი
ეგზემპლარები
ჩამოწერის სტატუსი დაკარგული ეგზემპლარის სტატუსი კლასიფიკაციის წყარო ან თაროზე გაწყობის სქემა დაზიანების სტატუსი არ გაიცემა მუდმივი მდებარეობა (დაცვის ადგილი) ამჟამინდელი ადგილსამყოფელი თაროზე განთავსების ადგილი შეძენის თარიღი ღირებულება, შესყიდვის ნორმალური ფასი სრული შენახვის შიფრი შტრიხკოდი ბოლო ოპერაციის თარიღი ეგზემპლარის მიმდევრობითი ნომერი (კეტერი?) ფასის ძალაში შესვლის თარიღი ეგზემპლარის სახეობა საჯარო შენიშვნა
          ბათუმის შოთა რუსთაველის სახელმწიფო უნივერსიტეტის მთავარი ბიბლიოთეკა ბათუმის შოთა რუსთაველის სახელმწიფო უნივერსიტეტის მთავარი ბიბლიოთეკა წიგნსაცავი 2026-02-18 159.00 159.964.2(042.4) F-88 73781 2026-02-18 73781 2026-02-18 წიგნი 159 ლ.